书目信息 |
| 题名: |
大学人文十四讲
|
|
| 作者: | 徐方 著 | |
| 分册: | ||
| 出版信息: | 桂林 广西师范大学出版社 2006.01 |
|
| 页数: | 279页 | |
| 开本: | 21cm | |
| 丛书名: | ||
| 单 册: | ||
| 中图分类: | C53 | |
| 科图分类: | ||
| 主题词: | 人文科学--ren wen ke xue--文集 | |
| 电子资源: | ||
| ISBN: | 978-7-5633-5886-1 | |
| 000 | 00743nam0 2200229 450 | |
| 001 | 012007035986 | |
| 005 | 20070924105214.85 | |
| 010 | @a978-7-5633-5886-1@dCNY20.00 | |
| 100 | @a20070811d2006 km y0chiy0120 ea | |
| 101 | 0 | @achi |
| 102 | @aCN@b450000 | |
| 105 | @aa a 000yy | |
| 200 | 1 | @a大学人文十四讲@Ada xue ren wen shi si jiang@f徐方著@Fxu fang zhu |
| 210 | @a桂林@c广西师范大学出版社@d2006.01 | |
| 215 | @a279页@c图@d21cm | |
| 320 | @a有书目 (第277-279页)。 | |
| 330 | @a本书为徐方老师在山西大学工程学院任教时的人文课讲稿,读者可以从中感受普世人文价值的魅力,思考朝向真善美的路径。 | |
| 606 | 0 | @a人文科学@Aren wen ke xue@j文集 |
| 690 | @aC53@v4 | |
| 701 | 0 | @a徐方@Axu fang@4著 |
| 801 | 0 | @aCN@c20070924 |
| 905 | @dC53@eX702 | |
| 大学人文十四讲/徐方著.-桂林:广西师范大学出版社,2006.01 |
| 279页:图;21cm |
| ISBN 978-7-5633-5886-1:CNY20.00 |
| 本书为徐方老师在山西大学工程学院任教时的人文课讲稿,读者可以从中感受普世人文价值的魅力,思考朝向真善美的路径。 |
| ● |
| 相关链接 |
|
|
|
正题名:大学人文十四讲
索取号:C53/X702
 
预约/预借
| 序号 | 登录号 | 条形码 | 馆藏地/架位号 | 状态 | 备注 |
| 1 | 257846 | 202578460 | 社科库509/509社科库 54排8列5层/ [索取号:C53/X702] | 在馆 | |
| 2 | 257847 | 202578479 | 社科库509/509社科库 54排8列5层/ [索取号:C53/X702] | 在馆 | |
| 3 | 257848 | 202578488 | 社科库509/509社科库 54排8列5层/ [索取号:C53/X702] | 在馆 |